000 00656nam a2200277Ia 4500
005 20260324130003.0
008 008 260324s9999 xx 000 0 eng d
020 _a9780429110108
037 _aEBOOK
040 _aCRL
040 _beng
040 _cCRL
041 _2eng
041 _aeng
084 _qCRL
100 _aBryan F.J. Manly
_91180091
245 0 _aStatistics for Environmental Science and Management
260 _bTaylor and Francis
260 _c2008
365 _a
365 _b195
856 _uhttp://www.taylorfrancis.com/books/9780429110108
942 _cEBOOK
999 _c1775821
_d1775821